000 00928nam a2200289 a 4500
001 1068485
003 OSt
005 20230629141028.0
008 910710s1990 ke 000 0 eng
010 _a 90980675
020 _a0195727231
040 _aDLC
_cDLC
043 _af-ke---
082 0 0 _a346.017
_bKAB
100 1 _aKabeberi, Janet W.
245 1 4 _aThe child :
_bcustody, care, and maintenance /
_cJanet Kabeberi.
260 _aNairobi :
_bOxford University Press,
_c1990.
300 _aix, 61 p. ;
_c21 cm.
440 0 _aYou and the law
650 0 _aParent and child (Law)
_zKenya.
650 0 _aChildren's rights
_zKenya.
650 0 _aChildren
_xLegal status, laws, etc.
_zKenya.
650 0 _aAdoption
_xLaw and legislation
_zKenya.
906 _a7
_bcbc
_corignew
_d2
_encip
_f19
_gy-gencatlg
942 _2ddc
_cBK
999 _c3101
_d3101